Compendio jurisprudencial sobre accidentes de tránsito en carreteras y autopistas /
La responsabilidad del estado y del ente concesionario vial. Análisis dogmático y jurisprudencial. Modelos de demanda por daños y perjuicios derivados de accidentes de la circulación
Guardado en:
| Autor Principal: | |
|---|---|
| Otros Autores: | |
| Formato: | Libro |
| Idioma: | Spanish |
| Publicado: |
Santa Fe :
Rubinzal Culzoni,
2003.
|
| Materias: | |
| Etiquetas: |
Agregar Etiqueta
Sin Etiquetas, Sea el primero en etiquetar este registro!
|
| LEADER | 00801nam a22001815a 4500 | ||
|---|---|---|---|
| 001 | DER.der003177 | ||
| 008 | 180615s2003####ag#||||||||||||||#||spa|| | ||
| 005 | 20251204154939.0 | ||
| 245 | 1 | 0 | |a Compendio jurisprudencial sobre accidentes de tránsito en carreteras y autopistas / |c Martín Diego Pirota , con prólogo de Félix A. Trigo Represas. |
| 260 | |a Santa Fe : |b Rubinzal Culzoni, |c 2003. | ||
| 300 | |a 858 p. | ||
| 520 | |a La responsabilidad del estado y del ente concesionario vial. Análisis dogmático y jurisprudencial. Modelos de demanda por daños y perjuicios derivados de accidentes de la circulación | ||
| 020 | |a 9507274324 | ||
| 100 | 1 | |a Pirota, Martín D. | |
| 700 | 1 | |a Trigo Represas, Félix A., |e prol. | |
| 650 | 7 | |a ACCIDENTES | |
| 650 | 7 | |a DAÑOS | |
| 859 | |a DERECHO |b BIB. DERECHO |h 346.5 |i PIR |p 003049 | ||
